000 00551nam a2200157 a 4500
001 000006105
005 20200929151930.0
008 090826s1948 dr c 000 0 spa d
040 _aDO-SdBNP
082 _bL681s
110 1 _aRepública Dominicana. Secretaría de Estado de Economía Nacional
_917199
245 1 0 _aLey sobre exploración y explotación de minas, canteras y turberas.
260 _aCiudad Trujillo, República Dominicana :
_bSecretaría de Estado de Economía Nacional,
_c1948.
300 _a24 p. :
_bretr. ;
_c24 cm.
049 _aBNPD
999 _c5901
_d5901